000 00379nam a2200169Ia 4500
005 20250423101428.0
008 250422s9999 xx 000 0 und d
020 _a0-553-13681
050 _aPS 3566 .P8447/
100 _aPorter, Donald Clayton
245 4 _aThe Sachem
260 _aNew York
260 _bBantam Books
260 _c1981
300 _a372 p
942 _cBK
999 _c36274
_d36274